Normal view
MARC view
- تراجم المينة المنورة القرن 12 هجري - السعودية-تاريخ
Entry Topical Term
001 - CONTROL NUMBER
- control field: 8385
003 - CONTROL NUMBER IDENTIFIER
- control field: JO-AjAnu
005 - DATE AND TIME OF LATEST TRANSACTION
- control field: 20230606071643.0
008 - FIXED-LENGTH DATA ELEMENTS
- fixed length control field: 230606|| aca||aabn | a|a d
040 ## - CATALOGING SOURCE
- Original cataloging agency: JO-AjAnu
- Transcribing agency: JO-AjAnu
150 ## - HEADING--TOPICAL TERM
- Topical term or geographic name entry element: تراجم المينة المنورة القرن 12 هجري - السعودية-تاريخ
670 ## - SOURCE DATA FOUND
- Source citation: Work cat.: (JO-AjAnu)4328: تحقيق وتعليق التونجي، محمد, author 8384, تراجم أعيان المدينة المنورة في القرن 12 الهجري